000 00645nam a2200205 u 4500
001 000020716
003 DO-SdBNP
005 20250626112613.0
008 100813s1984 dr r 000 0 spa d
040 _aDO-SdBNP
_bspa
_cBPJMB
082 _axxx
_bC977i
245 0 0 _aCurso individualizado de matemáticas básicas :
_bálgebra elemental /
_cGladys Aponte ... [et al.].
260 _bEDUPR,
_c1984.
300 _a111 p. :
_bil. ;
_c28 cm.
700 1 _aHigginbotham, Frank
_943462
700 1 _aPagán, Estela
_943463
700 1 _aPons, Francisca
_943464
710 1 _aEditorial de la Universidad de la Puerto Rico
_943465
942 _2ddc
_cLBS1
999 _c20220
_d20220